00546nam a2200193 a 450000100060000000300090000600800410001502000150005604000280007108200160009910000240011524500600013926000360019930000080023549000170024365000430026065000270030365000220033013960CO-ViMGA141112s2004 ck r 000 u spa d a8423977390 aCO-ViMGAbspacCO-ViMGA04a371.5 R6411 aClinton, Hillary R.10aEs labor de todos dejemos que los niños nos enseñen aMadrid : bEspasa Calpe, c1996 a329 aEspaña Hoy14aCRIANZA DE NIÑOS - ASPECTOS SOCIALES14aeducación DE NIÑOS14aMANEJO DE NIÑOS